[Event "FSIMA March"]
[Site "Budapest HUN"]
[Date "2001.03.05"]
[EventDate "2001.03.03"]
[Round "2"]
[Result "1-0"]
[White "Yelena Dembo"]
[Black "Vasik G Rajlich"]
[WhiteElo "2342"]
[BlackElo "2364"]
[PlyCount "93"]

1. e4 c5 2. Nf3 d6 3. d4 cxd4 4. Nxd4 Nf6 5. Nc3 g6 6. Be2 Bg7
7. O-O Nc6 8. Nb3 O-O 9. Be3 Be6 10. f4 Rc8 11. Bf3 Bc4
12. Re1 b5 13. Nd2 Na5 14. a3 Qd7 15. e5 Ne8 16. Bg4 Be6
17. Bxe6 fxe6 18. Qe2 dxe5 19. fxe5 Rf5 20. Rad1 Bxe5 21. Nf3
Nd6 22. Bd4 Bf6 23. Bxf6 Rxf6 24. Ne4 Rf5 25. Neg5 Nac4
26. Nxe6 Nxb2 27. Rd4 Rc4 28. c3 Na4 29. Rxc4 Nxc4 30. Nfd4
Nxc3 31. Qc2 Re5 32. Rxe5 Nxe5 33. Qxc3 a5 34. Qxa5 Qc8
35. Qd8+ Qxd8 36. Nxd8 Kf8 37. Nxb5 Ke8 38. Ne6 h5 39. Ned4
Kd7 40. a4 Nd3 41. a5 Nc5 42. Kf2 e5 43. Nf3 Kc6 44. Nc3 Nd7
45. Ke3 Kc5 46. Ke4 Kc4 47. Nxe5+ 1-0

[Event "FSIMA March"]
[Site "Budapest HUN"]
[Date "2001.03.07"]
[EventDate "2001.03.03"]
[Round "4"]
[Result "0-1"]
[White "Yelena Dembo"]
[Black "Zoltan Hajnal"]
[WhiteElo "2342"]
[BlackElo "2349"]
[PlyCount "130"]

1. e4 e5 2. Nf3 Nc6 3. d4 exd4 4. Nxd4 Bc5 5. Be3 Qf6 6. c3
Nge7 7. Bc4 O-O 8. O-O Bb6 9. Na3 d6 10. Nxc6 bxc6 11. Nc2 Qg6
12. Bxb6 axb6 13. Qe2 Kh8 14. Bd3 c5 15. Ne3 f5 16. exf5 Bxf5
17. Nxf5 Nxf5 18. Rfe1 Qg5 19. Qe4 g6 20. Qd5 Rae8 21. Bxf5
Qxf5 22. Qd2 d5 23. Rxe8 Rxe8 24. Re1 Rd8 25. Qe3 d4 26. cxd4
cxd4 27. Qe7 Rf8 28. f3 Qf7 29. Qh4 Qf6 30. Qe4 Qd6 31. Rd1 c5
32. a4 Rd8 33. b3 Rd7 34. h4 Re7 35. Qd3 Qg3 36. Qb5 Re1+
37. Rxe1 Qxe1+ 38. Kh2 Qxh4+ 39. Kg1 Qe1+ 40. Kh2 Qe6 41. a5
Qd6+ 42. g3 bxa5 43. Qxa5 d3 44. Qd2 Qd4 45. Kg2 Kg7 46. Kh2
Qd5 47. Kg2 Qxb3 48. Qe3 Kf7 49. Qe5 Qa2+ 50. Kg1 Qe2 51. Qd5+
Ke8 52. Qc6+ Kd8 53. Qd6+ Ke8 54. Qc6+ Kf7 55. Qd5+ Kg7
56. Qd7+ Kh6 57. Qh3+ Kg5 58. Qg4+ Kf6 59. Qf4+ Ke6 60. Qc4+
Kd6 61. Qa6+ Ke5 62. f4+ Ke4 63. Qc6+ Ke3 64. Qxc5+ Kf3
65. Qd5+ Qe4 0-1

[Event "FSIMA March"]
[Site "Budapest HUN"]
[Date "2001.03.08"]
[EventDate "2001.03.03"]
[Round "5"]
[Result "1/2-1/2"]
[White "Ante Jurkovic"]
[Black "Yelena Dembo"]
[WhiteElo "2349"]
[BlackElo "2342"]
[PlyCount "93"]

1. e4 c5 2. Nf3 Nc6 3. d4 cxd4 4. Nxd4 Nf6 5. Nc3 d6 6. Be3 e6
7. Qd2 a6 8. O-O-O Qc7 9. f3 Be7 10. g4 b5 11. Nxc6 Qxc6
12. Bd3 Bb7 13. Kb1 Nd7 14. f4 Nc5 15. a3 Nxd3 16. Qxd3 Rc8
17. Bd4 O-O 18. g5 Qc4 19. Rhg1 Qxd3 20. Rxd3 Rfe8 21. f5 g6
22. Rg4 Rc4 23. b3 Rc7 24. Rh3 e5 25. Bb6 Rc6 26. Ba5 Bc8
27. Rf3 Rc5 28. h4 gxf5 29. exf5 e4 30. Rxe4 Rxf5 31. Ref4
Rxf4 32. Rxf4 Be6 33. Bb4 Rc8 34. Ne2 Bf8 35. Nd4 Bg7 36. Nf5
Bxf5 37. Rxf5 Be5 38. Kc1 Kg7 39. h5 Rc6 40. Kd2 f6 41. gxf6+
Bxf6 42. Kd3 Kf7 43. Rf4 Ke6 44. c4 bxc4+ 45. bxc4 Bb2 46. a4
d5 47. Bd2 1/2-1/2

[Event "FSIMA March"]
[Site "Budapest HUN"]
[Date "2001.03.09"]
[EventDate "2001.03.03"]
[Round "6"]
[Result "0-1"]
[White "Sandor Farago"]
[Black "Yelena Dembo"]
[WhiteElo "2285"]
[BlackElo "2342"]
[PlyCount "154"]

1. c4 Nf6 2. Nf3 g6 3. g3 Bg7 4. Bg2 c6 5. O-O O-O 6. d3 d5
7. Nbd2 Nbd7 8. Rb1 e5 9. cxd5 cxd5 10. b3 Re8 11. Ne1 Nf8
12. Nc2 d4 13. Bb2 Rb8 14. Rc1 Bf5 15. Ne4 Bxe4 16. dxe4 Bh6
17. Rb1 Rc8 18. Nb4 Ne6 19. Nd3 Nc5 20. f3 Be3+ 21. Kh1 Nxd3
22. exd3 Qa5 23. Bh3 Rc7 24. a3 Qc5 25. Bc1 Rd8 26. Re1 Rd6
27. b4 Qc2 28. Bxe3 dxe3 29. Rxe3 Qxd1+ 30. Rxd1 Rc3 31. f4
exf4 32. gxf4 Rd4 33. Kg2 Rxa3 34. b5 Ra2+ 35. Kf3 Rb2 36. Ra1
Rxb5 37. Rxa7 Rb2 38. Bc8 b5 39. Ra6 Nh5 40. Rb6 b4 41. f5 Kg7
42. Rb7 Kf6 43. h4 gxf5 44. Rb6+ Kg7 45. Bxf5 Rh2 46. Kg4 Nf6+
47. Kg3 Rd2 48. Rb7 R2xd3 49. Rxd3 Rxd3+ 50. Kf4 Rd4 51. Ke3
Rc4 52. Kd3 Rc3+ 53. Kd4 Rf3 54. Ke5 Ng8 55. Rxb4 Ne7 56. Rb1
Ng6+ 57. Bxg6 hxg6 58. Rg1 Kh6 59. Rg2 Kh5 60. Rh2 Kg4 61. Kd6
Rf1 62. Ke7 Kg3 63. Rb2 Kxh4 64. Rb6 g5 65. Rh6+ Kg3 66. e5
Rf5 67. Kd6 g4 68. e6 fxe6 69. Kxe6 Ra5 70. Rh8 Kf2 71. Rf8+
Kg2 72. Rh8 g3 73. Rh7 Kf2 74. Rf7+ Kg1 75. Rh7 g2 76. Rh8 Ra2
77. Ke5 Kf1 0-1

[Event "FSIMA March"]
[Site "Budapest HUN"]
[Date "2001.03.11"]
[EventDate "2001.03.03"]
[Round "8"]
[Result "1/2-1/2"]
[White "Laszlo Gonda"]
[Black "Yelena Dembo"]
[WhiteElo "2265"]
[BlackElo "2342"]
[PlyCount "90"]

1. d4 Nf6 2. c4 g6 3. Nc3 d5 4. cxd5 Nxd5 5. Bd2 Bg7 6. e4 Nb6
7. Be3 O-O 8. Be2 Nc6 9. Nf3 Bg4 10. d5 Bxf3 11. Bxf3 Ne5
12. O-O f5 13. exf5 Nxf3+ 14. Qxf3 Rxf5 15. Qe4 Re5 16. Qg4
Nxd5 17. Rad1 e6 18. Bd4 Rf5 19. Qe4 Qe8 20. Bxg7 Kxg7
21. Rfe1 Qf7 22. Qxe6 Qxe6 23. Rxe6 Nxc3 24. bxc3 Rf7 25. f3
c6 26. Kf2 Rc8 27. Rd2 Rcc7 28. Red6 Rce7 29. Rd8 Rf5 30. h3
Ra5 31. f4 Ra3 32. R8d3 Kf7 33. Kf3 Ra5 34. g4 Rb5 35. Rd1 Rc5
36. R1d2 Rc4 37. Rb2 a5 38. Kg3 Rce4 39. Kf3 Ra4 40. Rbd2 Rc4
41. Rb2 b5 42. Kg3 Rce4 43. Kf3 Re1 44. Rf2 Rc1 45. f5 gxf5
1/2-1/2

[Event "FSIMA March"]
[Site "Budapest HUN"]
[Date "2001.03.12"]
[EventDate "2001.03.03"]
[Round "9"]
[Result "1/2-1/2"]
[White "Yelena Dembo"]
[Black "Evarth Kahn"]
[WhiteElo "2342"]
[BlackElo "2288"]
[PlyCount "108"]

1. e4 c5 2. Nf3 d6 3. d4 cxd4 4. Nxd4 Nf6 5. Nc3 g6 6. Be2 Bg7
7. O-O O-O 8. Be3 a6 9. f4 Nbd7 10. Bf3 Qc7 11. Nb3 Rb8 12. g4
Nb6 13. g5 Nfd7 14. Qe2 Bxc3 15. bxc3 Nc4 16. Ba7 Ra8 17. Bf2
e5 18. f5 b5 19. Bg2 Ndb6 20. h4 Na4 21. h5 Bb7 22. Be1 Na3
23. Qd3 a5 24. Rc1 Ba6 25. Qh3 Bc8 26. Qf3 Bd7 27. f6 Be6
28. hxg6 fxg6 29. Bh3 Qd7 30. Bxe6+ Qxe6 31. Rf2 Nc4 32. Rd1
Nab6 33. Bd2 Ra7 34. Nc1 Raf7 35. Ne2 Nxd2 36. Rxd2 h6 37. Ng3
hxg5 38. Rh2 Rxf6 39. Nf5 gxf5 40. Qh5 Qd7 41. Rdg2 g4
42. exf5 Qxf5 43. Rxg4+ Qxg4+ 44. Qxg4+ Kf7 45. Rh7+ Ke8
46. Qe2 Rf1+ 47. Qxf1 Rxf1+ 48. Kxf1 Nd5 49. a3 Nxc3 50. Ke1
Kd8 51. Rh3 b4 52. axb4 axb4 53. Rh7 Kc8 54. Kd2 d5 1/2-1/2

[Event "FSIMA May"]
[Site "Budapest HUN"]
[Date "2001.05.06"]
[EventDate "2001.05.05"]
[Round "2"]
[Result "1/2-1/2"]
[White "Tomi Nyback"]
[Black "Yelena Dembo"]
[WhiteElo "2330"]
[BlackElo "2341"]
[PlyCount "105"]

1. Nf3 Nf6 2. d4 g6 3. Nc3 d5 4. Bf4 Bg7 5. e3 O-O 6. Be2 b6
7. Ne5 Bb7 8. h4 Nbd7 9. h5 e6 10. hxg6 fxg6 11. Bb5 Nxe5
12. dxe5 Nh5 13. Rxh5 gxh5 14. Qxh5 Rf5 15. Qg4 Qf8 16. O-O-O
Qf7 17. Bd3 Re8 18. Bxf5 exf5 19. Qg3 c6 20. Ne2 c5 21. Rh1
Ba6 22. Ng1 d4 23. exd4 cxd4 24. Qh2 Qg6 25. Nf3 d3 26. c3 b5
27. b3 Bb7 28. Kd2 Be4 29. Nd4 b4 30. c4 Rd8 31. Nb5 a6
32. Nd6 Rxd6 33. exd6 Qf6 34. Be5 Qxe5 35. Qxe5 Bxe5 36. d7
Bf4+ 37. Kd1 Bg5 38. Re1 Kf7 39. f3 Bc6 40. Re3 Bxd7 41. Rxd3
Ke6 42. Rd5 Be7 43. Ke2 Bc6 44. Rd1 h5 45. Ke3 Ke5 46. Kd3 Bf6
47. Re1+ Kd6 48. Ke3 Bg5+ 49. Kd4 Bf6+ 50. Ke3 Bg5+ 51. Kf2 h4
52. Rh1 f4 53. Rd1+ 1/2-1/2

[Event "FSIMA May"]
[Site "Budapest HUN"]
[Date "2001.05.07"]
[EventDate "2001.05.05"]
[Round "3"]
[Result "0-1"]
[White "Yelena Dembo"]
[Black "Miklos Galyas"]
[WhiteElo "2341"]
[BlackElo "2371"]
[PlyCount "112"]

1. e4 e6 2. d4 d5 3. Nd2 Nf6 4. e5 Nfd7 5. Bd3 c5 6. c3 Nc6
7. Ngf3 g6 8. O-O Bg7 9. Re1 O-O 10. Nf1 cxd4 11. cxd4 f6
12. exf6 Qxf6 13. Bg5 Qf7 14. Be3 e5 15. Ng5 Qf6 16. Nxh7 Kxh7
17. Qh5+ Kg8 18. Bxg6 Rf7 19. Qh7+ Kf8 20. Bxf7 Kxf7 21. f4
exd4 22. Qh5+ Kg8 23. Bf2 Qf7 24. Qf3 Nf6 25. Ng3 Ne4 26. Nxe4
dxe4 27. Qxe4 Bf5 28. Qf3 d3 29. Rad1 Rd8 30. Rd2 Re8
31. Rxe8+ Qxe8 32. Rxd3 Bxd3 33. Qxd3 Qf7 34. Qe4 Bxb2 35. f5
Bf6 36. g4 Qe7 37. Qf4 Qb4 38. Qg3 Qb1+ 39. Kg2 Qxa2 40. Kh3
Qf7 41. Qf3 Ne5 42. Qe4 a5 43. Bd4 Nc6 44. Bxf6 Qxf6 45. Qc4+
Kg7 46. Qb5 Qc3+ 47. Kh4 Qb4 48. Qd5 a4 49. Kh5 Qb3 50. Qg2
Qf7+ 51. Kh4 a3 52. Qf1 Ne7 53. Kh3 a2 54. Qa1+ Kg8 55. Qe5
Nxf5 56. Qc3 Ne3 0-1

[Event "FSIMA May"]
[Site "Budapest HUN"]
[Date "2001.05.08"]
[EventDate "2001.05.05"]
[Round "4"]
[Result "0-1"]
[White "Peter Sinkovics"]
[Black "Yelena Dembo"]
[WhiteElo "2317"]
[BlackElo "2341"]
[PlyCount "96"]

1. d4 Nf6 2. Nf3 g6 3. Nc3 d5 4. Bf4 Bg7 5. e3 O-O 6. Be2 c5
7. dxc5 Qa5 8. Nd2 Qxc5 9. Nb3 Qb6 10. Be5 e6 11. Qd4 Qxd4
12. exd4 Nc6 13. f4 Ne8 14. Bxg7 Kxg7 15. Bb5 Ne7 16. Bxe8
Rxe8 17. O-O-O b6 18. g4 Bd7 19. Nd2 b5 20. Nb3 b4 21. Nc5
bxc3 22. Nxd7 cxb2+ 23. Kxb2 Red8 24. Nc5 Nc6 25. Rhf1 Rab8+
26. Ka1 Na5 27. f5 exf5 28. gxf5 g5 29. f6+ Kg6 30. Nd3 Nc6
31. Ne5+ Nxe5 32. dxe5 Rb4 33. Rfe1 Kf5 34. c3 Re4 35. Rxe4
Kxe4 36. Re1+ Kf5 37. Kb2 Re8 38. Rf1+ Kg6 39. Re1 Re6 40. c4
dxc4 41. Kc3 Kf5 42. Kd4 Re8 43. Kd5 Rd8+ 44. Kxc4 Ke6 45. h4
g4 46. h5 Rd5 47. Rg1 Rxe5 48. Rxg4 Rxh5 0-1

[Event "FSIMA May"]
[Site "Budapest HUN"]
[Date "2001.05.10"]
[EventDate "2001.05.05"]
[Round "6"]
[Result "1/2-1/2"]
[White "Yelena Dembo"]
[Black "Yu Mingyuan"]
[WhiteElo "2341"]
[BlackElo "2277"]
[PlyCount "79"]

1. e4 e6 2. d4 d5 3. Nd2 c5 4. exd5 exd5 5. Ngf3 Nc6 6. Bb5
Bd6 7. O-O cxd4 8. Nb3 Nge7 9. Nbxd4 O-O 10. h3 h6 11. c3 Bc7
12. Bd3 a6 13. Be3 Re8 14. Ne2 Ng6 15. Bxg6 fxg6 16. Bf4 Bb6
17. Nfd4 Qf6 18. Bg3 Kh8 19. Nf4 Nxd4 20. cxd4 Rd8 21. Ne2 Bf5
22. Be5 Qf7 23. Qb3 Ba7 24. Ng3 Rac8 25. Nxf5 gxf5 26. Rac1
Rc4 27. Qd3 Rdc8 28. Qd2 Kh7 29. b3 Rxc1 30. Rxc1 Rxc1+
31. Qxc1 Qd7 32. Qc3 Kg8 33. h4 Bb6 34. Qg3 Bd8 35. Qf4 Be7
36. Kh1 Bf8 37. Qf3 Be7 38. Qg3 Bf8 39. Qf3 Be7 40. Qg3
1/2-1/2

[Event "FSIMA May"]
[Site "Budapest HUN"]
[Date "2001.05.11"]
[EventDate "2001.05.05"]
[Round "7"]
[Result "1/2-1/2"]
[White "Xu Hanbing"]
[Black "Yelena Dembo"]
[WhiteElo "2235"]
[BlackElo "2341"]
[PlyCount "87"]

1. Nf3 Nf6 2. c4 g6 3. Nc3 d5 4. cxd5 Nxd5 5. Qa4+ Bd7 6. Qh4
Nxc3 7. dxc3 Nc6 8. e4 e5 9. Bg5 Be7 10. Bc4 h6 11. Bxe7 Qxe7
12. Qxe7+ Kxe7 13. Bd5 Kf6 14. O-O-O Rhd8 15. Rd3 Be8 16. Rhd1
Rab8 17. Ne1 Ne7 18. Bc4 Rxd3 19. Rxd3 Nc8 20. f3 Nb6 21. Bb3
Nd7 22. Rd2 Nc5 23. Nc2 Nxb3+ 24. axb3 Ke6 25. Ne3 f6 26. Kc2
Bf7 27. b4 f5 28. exf5+ gxf5 29. c4 h5 30. Kc3 Bg6 31. b5 Rg8
32. Nd5 Rg7 33. Re2 Be8 34. f4 e4 35. Ne3 Rd7 36. Rd2 Rxd2
37. Kxd2 Bd7 38. Kc3 Be8 39. Kd4 Bd7 40. Nd5 c6 41. b6 axb6
42. Nxb6 c5+ 43. Ke3 Bc6 44. h4 1/2-1/2

[Event "FSIMA May"]
[Site "Budapest HUN"]
[Date "2001.05.13"]
[EventDate "2001.05.05"]
[Round "9"]
[Result "1/2-1/2"]
[White "Attila Jakab"]
[Black "Yelena Dembo"]
[WhiteElo "2363"]
[BlackElo "2341"]
[PlyCount "20"]

1. e4 e5 2. Nf3 Nf6 3. Nxe5 d6 4. Nf3 Nxe4 5. Qe2 Qe7 6. d3
Nf6 7. Qxe7+ Bxe7 8. Be2 O-O 9. O-O d5 10. c3 c6 1/2-1/2

[Event "TCh-YUG Women"]
[Site "Herceg Novi YUG"]
[Date "2001.05.14"]
[EventDate "2001.05.14"]
[Round "1"]
[Result "1/2-1/2"]
[White "Yelena Dembo"]
[Black "Elena Luminita Radu Cosma"]
[WhiteElo "2341"]
[BlackElo "2331"]
[PlyCount "97"]

1. e4 c5 2. Nf3 Nc6 3. d4 cxd4 4. Nxd4 Qc7 5. Nc3 e6 6. Be3 a6
7. Bd3 Nf6 8. O-O Ne5 9. h3 Bc5 10. Kh1 d6 11. f4 Ng6 12. Qd2
O-O 13. Nde2 b5 14. a3 Bb7 15. Ng3 Rad8 16. Bxc5 dxc5 17. Qe3
c4 18. Be2 e5 19. f5 Nf4 20. Bf3 Rd4 21. Rfe1 Rfd8 22. Nf1 h5
23. Kh2 h4 24. Qf2 g5 25. fxg6 Nxg6 26. Kh1 Bc6 27. Nh2 a5
28. Ng4 Nxg4 29. Bxg4 Rd2 30. Re2 Rxe2 31. Qxe2 b4 32. axb4
axb4 33. Nd5 Bxd5 34. exd5 Rxd5 35. Bf5 Rd6 36. Ra8+ Kg7
37. Bxg6 Rxg6 38. Qh5 Rh6 39. Qg5+ Rg6 40. Qxh4 Rh6 41. Qe4 b3
42. cxb3 cxb3 43. Qg4+ Rg6 44. Qh4 Qc1+ 45. Kh2 Qf4+ 46. Qxf4
exf4 47. Rb8 Rg3 48. Rb4 Rd3 49. Kg1 1/2-1/2

[Event "TCh-YUG Women"]
[Site "Herceg Novi YUG"]
[Date "2001.05.15"]
[EventDate "2001.05.14"]
[Round "2"]
[Result "1/2-1/2"]
[White "Olga Alexandrova"]
[Black "Yelena Dembo"]
[WhiteElo "2419"]
[BlackElo "2341"]
[PlyCount "86"]

1. d4 Nf6 2. c4 g6 3. Nc3 Bg7 4. e4 d6 5. f4 O-O 6. Nf3 Na6
7. Be2 c5 8. d5 e6 9. dxe6 fxe6 10. O-O Nb4 11. a3 Nc6 12. Bd3
Nd4 13. Nxd4 cxd4 14. Ne2 e5 15. Bd2 Ng4 16. h3 Ne3 17. Bxe3
dxe3 18. f5 Qg5 19. Qc2 Bd7 20. Rf3 gxf5 21. exf5 Bc6 22. Be4
Kh8 23. Raf1 Rg8 24. Rg3 Qh6 25. Bxc6 bxc6 26. Qe4 Bf6
27. Qxe3 Qh4 28. b3 d5 29. Kh1 d4 30. Qf2 Rxg3 31. Qxg3 Qe4
32. Nc1 Rg8 33. Qf3 Qxf3 34. gxf3 Rg5 35. Nd3 Rxf5 36. Kg2 Bg5
37. b4 Be3 38. a4 Rg5+ 39. Kh2 Rf5 40. Kg2 Rg5+ 41. Kh2 Rf5
42. Kg2 Rg5+ 43. Kh2 Rf5 1/2-1/2

[Event "TCh-YUG Women"]
[Site "Herceg Novi YUG"]
[Date "2001.05.16"]
[EventDate "2001.05.14"]
[Round "3"]
[Result "1-0"]
[White "Yelena Dembo"]
[Black "Nadezda Stojanovic"]
[WhiteElo "2341"]
[BlackElo "2111"]
[PlyCount "35"]

1. e4 c5 2. Nf3 Nc6 3. d4 cxd4 4. Nxd4 g6 5. Nc3 Bg7 6. Nb3
Nf6 7. Be2 d6 8. O-O O-O 9. Be3 b6 10. f4 Na5 11. Nxa5 bxa5
12. Kh1 Qc7 13. Bd4 e5 14. Be3 Bd7 15. fxe5 dxe5 16. Rxf6 Bxf6
17. Nd5 Qd6 18. Bc5 1-0

[Event "TCh-YUG Women"]
[Site "Herceg Novi YUG"]
[Date "2001.05.17"]
[EventDate "2001.05.14"]
[Round "4"]
[Result "1/2-1/2"]
[White "Anna Zozulia"]
[Black "Yelena Dembo"]
[WhiteElo "2354"]
[BlackElo "2341"]
[PlyCount "99"]

1. e4 c5 2. Nf3 Nc6 3. d4 cxd4 4. Nxd4 Nf6 5. Nc3 d6 6. Be2 e6
7. O-O Be7 8. Kh1 O-O 9. f4 a6 10. a4 Qc7 11. Be3 Re8 12. Qe1
Nxd4 13. Bxd4 e5 14. fxe5 dxe5 15. Qg3 Bd8 16. Be3 Kh8 17. Bg5
Be6 18. Qh4 Ng8 19. Rad1 Bxg5 20. Qxg5 Rad8 21. Bg4 Rd4
22. Bxe6 Rxe6 23. Qe3 Red6 24. Rd3 Rxd3 25. cxd3 Nf6 26. h3 h6
27. Kh2 Qd7 28. Qc5 Qe6 29. Rf5 Rxd3 30. Rxe5 Qd6 31. Qxd6
Rxd6 32. Re7 Rd7 33. Rxd7 Nxd7 34. Kg3 f6 35. Kf4 Kg8 36. Ke3
Kf7 37. Kd4 Ke6 38. b4 Kd6 39. Nd5 Ne5 40. b5 axb5 41. axb5
Nd7 42. Ne3 Kc7 43. Nc4 Nb6 44. Nb2 Kd6 45. Nd3 Nd7 46. Nf4
Nc5 47. g3 Nb3+ 48. Kc3 Nc5 49. Kd4 Nb3+ 50. Kc3 1/2-1/2

[Event "TCh-YUG Women"]
[Site "Herceg Novi YUG"]
[Date "2001.05.19"]
[EventDate "2001.05.14"]
[Round "6"]
[Result "1-0"]
[White "Natascha Bojkovic"]
[Black "Yelena Dembo"]
[WhiteElo "2447"]
[BlackElo "2341"]
[PlyCount "122"]

1. e4 c5 2. Nf3 Nc6 3. c3 e5 4. Bc4 d6 5. O-O Be7 6. d3 Nf6
7. a3 O-O 8. b4 Qc7 9. Bg5 a6 10. Nbd2 h6 11. Bh4 b5 12. Ba2
Bb7 13. Bg3 cxb4 14. axb4 Qd7 15. Nh4 d5 16. Nf5 dxe4
17. Nxe7+ Nxe7 18. Nxe4 Nxe4 19. dxe4 Qc6 20. Qf3 Ng6 21. Rfe1
Rac8 22. Rac1 Kh8 23. Qf5 Rc7 24. h4 Bc8 25. Qf3 Be6 26. Bd5
Qd7 27. h5 Bg4 28. Qe3 Bxh5 29. c4 bxc4 30. Rxc4 Rfc8 31. Rc5
Nf4 32. Bxf4 exf4 33. Qxf4 Rxc5 34. bxc5 Rxc5 35. Rb1 Qc7
36. Qxc7 Rxc7 37. Rb8+ Kh7 38. Ra8 Rc1+ 39. Kh2 Ra1 40. f4 a5
41. f5 Re1 42. Rxa5 g6 43. Bxf7 Kg7 44. Ra7 Kf6 45. Bxg6 Rxe4
46. Rf7+ Kg5 47. Bxh5 Kxh5 48. Rg7 Rf4 49. Kg1 Rc4 50. Kf2 Kh4
51. Ke3 h5 52. g3+ Kh3 53. f6 Rc1 54. f7 Rf1 55. Ke4 h4
56. gxh4 Kxh4 57. Ke5 Kh5 58. Ke6 Re1+ 59. Kd7 Rd1+ 60. Ke7
Re1+ 61. Kf8 Kh6 1-0

[Event "TCh-YUG Women"]
[Site "Herceg Novi YUG"]
[Date "2001.05.20"]
[EventDate "2001.05.14"]
[Round "7"]
[Result "0-1"]
[White "Yelena Dembo"]
[Black "Alisa Maric"]
[WhiteElo "2341"]
[BlackElo "2446"]
[PlyCount "71"]

1. e4 c6 2. d4 d5 3. e5 Bf5 4. Nf3 e6 5. Be2 c5 6. O-O Nc6
7. c3 cxd4 8. cxd4 Nge7 9. Nc3 Nc8 10. Be3 Be7 11. Ne1 O-O
12. f4 Bg6 13. g4 f5 14. exf6 Bxf6 15. Nf3 Nb6 16. Rc1 Rc8
17. Qd2 Be7 18. Ne5 Nxe5 19. fxe5 Nc4 20. Bxc4 Rxc4 21. b3 Rc6
22. Ne2 Rxf1+ 23. Kxf1 Qf8+ 24. Nf4 Rxc1+ 25. Qxc1 Be4 26. Kg1
g5 27. Nxe6 Qf3 28. Qc8+ Kf7 29. Nxg5+ Bxg5 30. e6+ Kg7
31. Qd7+ Kh6 32. Bxg5+ Kxg5 33. Qg7+ Kh4 34. Qh6+ Kxg4
35. Qg7+ Kh4 36. Qe7+ 0-1

[Event "TCh-YUG Women"]
[Site "Herceg Novi YUG"]
[Date "2001.05.22"]
[EventDate "2001.05.14"]
[Round "9"]
[Result "1-0"]
[White "Yelena Dembo"]
[Black "Marijana Babic"]
[WhiteElo "2341"]
[BlackElo "2150"]
[PlyCount "81"]

1. e4 e5 2. Nf3 Nc6 3. d4 exd4 4. Nxd4 Nf6 5. Nxc6 bxc6 6. e5
Qe7 7. Qe2 Nd5 8. c4 Ba6 9. b3 g6 10. f4 f6 11. Qe4 Nb6
12. Bb2 Bg7 13. Nd2 fxe5 14. fxe5 O-O-O 15. O-O-O Rhe8 16. Nf3
Kb8 17. Bd3 Bb7 18. Qe2 d5 19. cxd5 cxd5 20. Ba6 c5 21. Kb1
Qc7 22. Bxb7 Kxb7 23. Rc1 Rc8 24. Rhd1 Qe7 25. Rc2 Red8
26. Ba3 Rd7 27. Qe3 Rdc7 28. Rdc1 Nd7 29. e6 a6 30. Re1 Nb6
31. Rec1 Nd7 32. Ne1 Rc6 33. Re2 Nb6 34. Nd3 d4 35. Qe4 Ka7
36. Rf1 Bf6 37. Qf3 Bh8 38. Qf7 Nd5 39. Qxe7+ Nxe7 40. Rf7
R8c7 41. Bxc5+ 1-0

[Event "TCh-YUG Women"]
[Site "Herceg Novi YUG"]
[Date "2001.05.23"]
[EventDate "2001.05.14"]
[Round "10"]
[Result "1/2-1/2"]
[White "Natalia Zhukova"]
[Black "Yelena Dembo"]
[WhiteElo "2463"]
[BlackElo "2341"]
[PlyCount "61"]

1. c4 Nf6 2. Nc3 d5 3. cxd5 Nxd5 4. g3 Nxc3 5. bxc3 g6 6. Bg2
Bg7 7. Rb1 Nd7 8. Nf3 O-O 9. O-O e5 10. d4 c6 11. Qc2 Re8
12. Rd1 exd4 13. Nxd4 Qc7 14. Bf4 Be5 15. Bxe5 Nxe5 16. Qe4
Bd7 17. Qf4 Rad8 18. h4 h5 19. Rd2 Bc8 20. Rbd1 Qe7 21. Nb3
Rxd2 22. Rxd2 b6 23. Nd4 Bb7 24. Nf3 Nxf3+ 25. Bxf3 Rd8
26. Rxd8+ Qxd8 27. Qa4 a5 28. Bxc6 Bxc6 29. Qxc6 Qd1+ 30. Kg2
Qxe2 31. a4 1/2-1/2

[Event "FSGM August"]
[Site "Budapest HUN"]
[Date "2001.08.06"]
[EventDate "2001.08.04"]
[Round "3"]
[Result "1/2-1/2"]
[White "Tibor Fogarasi"]
[Black "Yelena Dembo"]
[WhiteElo "2449"]
[BlackElo "2391"]
[PlyCount "50"]

1. e4 c5 2. Nf3 Nc6 3. d4 cxd4 4. Nxd4 Nf6 5. Nc3 d6 6. Be2 e6
7. Be3 Be7 8. Qd2 a6 9. O-O-O O-O 10. f4 Nxd4 11. Bxd4 b5
12. e5 dxe5 13. fxe5 Nd5 14. Ne4 Bb7 15. Rhf1 f5 16. exf6 Nxf6
17. Ng5 Ne4 18. Rxf8+ Qxf8 19. Nxe4 Bxe4 20. Bg4 Qf7 21. Re1
Bd5 22. Qe3 Re8 23. Kb1 Bd6 24. Be5 Bxe5 25. Qxe5 Qf6 1/2-1/2

[Event "FSGM August"]
[Site "Budapest HUN"]
[Date "2001.08.08"]
[EventDate "2001.08.04"]
[Round "5"]
[Result "1/2-1/2"]
[White "Kidambi Sundararajan"]
[Black "Yelena Dembo"]
[WhiteElo "2421"]
[BlackElo "2391"]
[PlyCount "41"]

1. d4 Nf6 2. Nf3 g6 3. Bg5 Bg7 4. Nbd2 O-O 5. c3 d6 6. e4 Nc6
7. Bb5 Bd7 8. O-O a6 9. Bxc6 Bxc6 10. e5 Nd7 11. exd6 cxd6
12. Re1 Nf6 13. Nc4 Qc7 14. Ne3 Rae8 15. d5 Bd7 16. Qd3 Bc8
17. Rad1 Rd8 18. Qc4 Qxc4 19. Nxc4 Rfe8 20. h3 h6 21. Bxf6
1/2-1/2

[Event "FSGM August"]
[Site "Budapest HUN"]
[Date "2001.08.09"]
[EventDate "2001.08.04"]
[Round "6"]
[Result "1/2-1/2"]
[White "Yelena Dembo"]
[Black "Lothar Arnold"]
[WhiteElo "2391"]
[BlackElo "2408"]
[PlyCount "68"]

1. e4 e6 2. d4 d5 3. Nd2 Nf6 4. e5 Nfd7 5. Bd3 c5 6. c3 Nc6
7. Ngf3 Be7 8. O-O a5 9. Re1 cxd4 10. cxd4 Qb6 11. Nb1 Nxd4
12. Nxd4 Qxd4 13. Nc3 Qb6 14. Qg4 O-O 15. Bh6 g6 16. Nb5 Nc5
17. Qd4 Bd7 18. Bxf8 Rxf8 19. a4 f6 20. exf6 Bxf6 21. Qe3 e5
22. Rac1 Nxa4 23. Qxb6 Nxb6 24. Nd6 e4 25. Bb5 Bxb2 26. Bxd7
Nxd7 27. Rc2 Be5 28. Nxb7 a4 29. Na5 Ra8 30. Nc6 Bf6 31. Nb4
Ra5 32. Kf1 a3 33. f3 Rb5 34. Na2 Nc5 1/2-1/2

[Event "FSGM August"]
[Site "Budapest HUN"]
[Date "2001.08.14"]
[EventDate "2001.08.04"]
[Round "11"]
[Result "0-1"]
[White "Yelena Dembo"]
[Black "Zoltan Varga"]
[WhiteElo "2391"]
[BlackElo "2518"]
[PlyCount "128"]

1. e4 Nf6 2. e5 Nd5 3. d4 d6 4. Nf3 c6 5. c4 Nc7 6. exd6 exd6
7. Bd3 Be7 8. h3 d5 9. c5 b6 10. cxb6 axb6 11. O-O O-O 12. Bf4
Ne6 13. Bxb8 Rxb8 14. Qc2 Bf6 15. Rd1 g6 16. Bf1 Qd6 17. Nc3
Nf4 18. Qd2 Re8 19. Re1 Bd7 20. Ne5 Ne6 21. Nf3 Re7 22. Re2
Rbe8 23. Rae1 Kg7 24. a3 h6 25. g3 Ng5 26. Nxg5 Bxg5 27. Qd1
b5 28. Rxe7 Rxe7 29. Rxe7 Qxe7 30. Ne2 h5 31. h4 Bf6 32. Qd2
Bg4 33. Qe3 Qe4 34. b3 Qb1 35. Kg2 Qa1 36. f3 Bf5 37. b4 Qd1
38. Kf2 Bd3 39. Kg2 Bc4 40. Kf2 Qa1 41. Kg2 Bxe2 42. Qxe2 Bxd4
43. g4 hxg4 44. fxg4 Qxa3 45. h5 Qb2 46. Qxb2 Bxb2 47. Kf3 Bc3
48. Bh3 g5 49. Bf1 Bxb4 50. Bd3 Kf6 51. Bf5 Ke7 52. Ke3 Bc3
53. Kd3 Bg7 54. Kc2 Kd6 55. Bd3 b4 56. Kb3 c5 57. Bf5 Ke5
58. Ka4 Kd4 59. Bh7 Bf8 60. Kb3 c4+ 61. Kb2 Bg7 62. Ka2 b3+
63. Kb1 c3 64. Bf5 Bf8 0-1

[Event "TCh-YUG Women's Cup"]
[Site "Herceg Novi YUG"]
[Date "2001.09.03"]
[EventDate "2001.09.03"]
[Round "1"]
[Result "1/2-1/2"]
[White "Yelena Dembo"]
[Black "Marija Marcetic"]
[WhiteElo "2391"]
[BlackElo "2259"]
[PlyCount "90"]

1. e4 c5 2. Nf3 Nc6 3. d4 cxd4 4. Nxd4 g6 5. Nc3 Bg7 6. Be3
Nf6 7. Nb3 O-O 8. Be2 d6 9. O-O Be6 10. f4 Rc8 11. Bf3 Na5
12. Nxa5 Qxa5 13. Kh1 Rfd8 14. Bd4 Bc4 15. Ne2 e5 16. Bc3 Qa6
17. fxe5 dxe5 18. Qe1 Nxe4 19. Bxe4 Bxe2 20. Bxb7 Qxb7
21. Qxe2 e4 22. Bxg7 Kxg7 23. Qf2 f5 24. Rad1 Qb6 25. Qh4 Qf6
26. Qf2 Rc7 27. Rxd8 Qxd8 28. Qe3 Rxc2 29. Qxa7+ Kh6 30. Qe3+
Qg5 31. Qxg5+ Kxg5 32. Rb1 f4 33. a4 f3 34. gxf3 exf3 35. a5
Kh4 36. a6 Kh3 37. a7 Rc8 38. Ra1 Ra8 39. b4 g5 40. b5 g4
41. b6 g3 42. hxg3 f2 43. g4 Rf8 44. Ra3+ Kxg4 45. Ra4+ Kg3
1/2-1/2

[Event "TCh-YUG Women's Cup"]
[Site "Herceg Novi YUG"]
[Date "2001.09.05"]
[EventDate "2001.09.03"]
[Round "3"]
[Result "1/2-1/2"]
[White "Yelena Dembo"]
[Black "Alisa Maric"]
[WhiteElo "2391"]
[BlackElo "2457"]
[PlyCount "55"]

1. e4 c6 2. d4 d5 3. e5 Bf5 4. c3 e6 5. Be3 Nd7 6. Nd2 Qb6
7. Qb3 f6 8. f4 g5 9. Qxb6 axb6 10. exf6 g4 11. Ne2 b5 12. Nc1
Nb6 13. Bd3 Nc4 14. Nxc4 bxc4 15. Bxf5 exf5 16. Ne2 Kf7
17. Ng3 Kxf6 18. h3 Nh6 19. Kf2 Be7 20. hxg4 Nxg4+ 21. Kf3 h5
22. Rxh5 Rxh5 23. Nxh5+ Kg6 24. Ng3 Nh2+ 25. Ke2 Bh4 26. Nf1
Nxf1 27. Rxf1 Rxa2 28. Bc1 1/2-1/2